Statystyki dla QUIZ POLICZ DO 100 W MINUTĘ

Kliknij tutaj aby rozwiązać quiz!

Ogólne statystyki

  • Ten quiz został rozwiązany 103 razy
  • Średni wynik to 63 z 100

Statystyki odpowiedzi

ILEODPOWIEDZI% Poprawnych
11
100%
22
100%
33
100%
44
100%
55
100%
66
100%
77
100%
88
100%
99
100%
1010
90%
1111
90%
1212
86%
1313
86%
1414
86%
1515
86%
1616
86%
1717
86%
1818
84%
1919
82%
2020
82%
2121
80%
2222
80%
2323
78%
2424
78%
2525
78%
2626
78%
2727
78%
2828
78%
2929
78%
3030
78%
3131
78%
3232
78%
3333
78%
3434
78%
3535
78%
3636
78%
3737
76%
3838
76%
3939
76%
4040
74%
4141
74%
4242
72%
4343
72%
4444
72%
4545
72%
4646
72%
4747
72%
4848
72%
4949
72%
5050
72%
5151
72%
5252
72%
5353
72%
5454
72%
5555
72%
5656
72%
5757
72%
5858
72%
5959
70%
6060
66%
6161
62%
6262
62%
6363
60%
6464
60%
6565
60%
6666
58%
6767
58%
6868
58%
6969
56%
7070
54%
7171
48%
7272
44%
7373
44%
7474
44%
7575
44%
7676
44%
7777
40%
7878
40%
7979
38%
8080
36%
8181
36%
8282
34%
8383
34%
8484
32%
8585
32%
8686
30%
8787
30%
8888
28%
8989
24%
9090
22%
9191
22%
9292
20%
100100
18%
9393
18%
9494
18%
9595
18%
9696
18%
9797
18%
9898
18%
9999
16%

Rozkład punktacji

Percentyl według liczby udzielonych odpowiedzi

Procent ludzi z każdym wynikiem

Twoja historia wyników

Nie rozwiązałeś tego quizu